Flora of North-East Rajasthan (Record no. 32099)

MARC details
000 -LEADER
fixed length control field 00292nam a2200121Ia 4500
082 ## - DEWEY DECIMAL CLASSIFICATION NUMBER
Classification number 581.9(544.6)
Item number SHI
100 ## - MAIN ENTRY--AUTHOR NAME
Personal name Shiva Sharma, B
245 #0 - TITLE STATEMENT
Title Flora of North-East Rajasthan
260 ## - PUBLICATION, DISTRIBUTION, ETC. (IMPRINT)
Name of publisher Kalyani
Year of publication 1979
700 ## - ADDED ENTRY--PERSONAL NAME
Personal name Tiagi
942 ## - ADDED ENTRY ELEMENTS (KOHA)
Koha item type Books
Holdings
Withdrawn status Lost status Damaged status Not for loan Home library Current library Date acquired Full call number Accession Number Koha item type
        RRII Library RRII Library 16/12/2021 581.9(544.6) SHI 12624 Books